000 00990nam a2200289 4500
001 56873
003 BD-RJUL
005 20211209080438.0
008 161204s1974 nyu b 001 0 eng
035 _aBD-RjUL56997
035 _a(OCoLC)00940428
035 _aGLIS00004149
040 _aBD-RjUL
_beng
_cBD-RjUL
041 _aeng
082 _223
_a172.4
_bHEP 1974
090 _aJX1255
_b.P45
099 _aJX1255.P45
100 _aHeld, Virginia
_9169077
245 1 0 _aPhilosophy, morality, and international affairs :
_bessays edited for the Society for Philosophy and Public Affairs /
_c[by] Virginia Held, Sidney Morgenbesser [and] Thomas Nagel.
260 _aNew York :
_bOxford University Press,
_c1974.
300 _ax, 338 p. ;
_c21 cm.
504 _aIncludes bibliographical references.
650 0 _aInternational relations.
_9169078
700 1 _aNagel, Thomas,
_d1937-
_9169079
710 2 _aSociety for Philosophy and Public Affairs.
_9169080
942 _2ddc
_cBK
999 _c56873
_d56873